|
|
|
|
| LEADER |
01084nam a2200289 a 4500 |
| 001 |
012647767-1 |
| 008 |
111227s2011 dcua bs i000 0 eng c |
| 020 |
|
|
|a 9780821382189
|
| 020 |
|
|
|a 0821382187
|
| 040 |
|
|
|a BTCTA
|b eng
|c BTCTA
|d YDXCP
|d BWX
|d CDX
|d CUV
|d OSU
|d NLGGC
|d BD-DhAAL
|
| 042 |
|
|
|a pcc
|
| 050 |
0 |
4 |
|a JV6019
|b .M54 2011
|
| 082 |
0 |
4 |
|a 325
|2 22
|
| 245 |
0 |
0 |
|a Migration and remittances factbook 2011.
|
| 250 |
|
|
|a 2nd ed.
|
| 260 |
|
|
|a Washington, DC :
|b World Bank,
|c c2011.
|
| 300 |
|
|
|a xix, 264 p. :
|b ill. ;
|c 23 cm.
|
| 500 |
|
|
|a Also available online.
|
| 504 |
|
|
|a Includes bibliographical references.
|
| 541 |
|
|
|e 00024146
|
| 650 |
0 |
|
|a Emigration and immigration
|v Statistics.
|
| 650 |
0 |
|
|a Emigrant remittances
|v Statistics.
|
| 650 |
1 |
7 |
|a Migratie (demografie)
|2 gtt
|
| 710 |
2 |
|
|a World Bank.
|
| 852 |
1 |
|
|a Ayesha Abed Library
|c General shelf.
|
| 999 |
|
|
|c 11681
|d 11681
|
| 952 |
|
|
|0 0
|1 0
|2 ddc
|4 0
|6 325_MIG
|7 0
|9 18993
|a BRACUL
|b BRACUL
|c GEN
|d 2011-12-27
|e Micro Industries Development Assistance and Services (MIDAS)
|g 39.95
|l 0
|o 325 MIG
|p 3010024146
|r 2011-12-28
|t 1
|w 2011-12-28
|y BK
|